000 00818nam a22002057a 4500
999 _c256
_d256
003 AR-CdUCM
008 190222b ||||| |||| 00| 0 spa d
040 _aMUNICIPALIDAD PROVINCIAL DEL CUSCO
_cBIBLIOTECA MUNICIPAL DEL CUSCO
082 _22ed.
_a869.15 /
_bF89
100 _aFuentes Mares, Jose
_91094
245 _aLa revolución mexicana :
_bMemorias de un espectador /
260 _aMéxico :
_bEditorial Joaquín Mortiz, S.A,
_c1972.
300 _a243 páginas ;
_b9 Ilustraciones.
_c19 cm.
505 _aEn la tierra de profetas y camaleones -- El gachupín se las sabia todas -- Don Pancho a merced de la campana -- Flor de un día -- Una biografía de diez días ...
650 _aMéxico.
_918
650 _aRevolución.
_9844
650 _aPolítica.
_9291
942 _2ddc
_cLIBROS
945 _amvr
_d2019-02-22